[Event "Joao Pessoa de Assis Memorial 3rd"]
[Site "Joao Pessoa"]
[Date "2023.10.22"]
[Round "5"]
[White "Teixeira, Jessica Galdino"]
[Black "Santos da Silva, Renata Nataly"]
[Result "0-1"]
[WhiteElo "1751"]
[BlackElo "1438"]
[PlyCount "52"]
[EventDate "2023.10.20"]
[EventType "swiss"]
[EventRounds "6"]
[EventCountry "BRA"]
[SourceTitle "Mega2024 Update 01"]
[Source "Chessbase"]
[SourceDate "2023.11.12"]
[SourceVersion "1"]
[SourceVersionDate "2023.11.12"]
[SourceQuality "1"]

1. e4 c6 2. d4 d5 3. Bf4 dxe4 4. Nc3 Bf5 5. Qd2 e6 6. a3 Nf6 7. Nge2 Qb6 8. 0-0-0 Nbd7 9. h3 Nd5 10. g4 Nxc3 11. Qxc3 Bg6 12. Bg2 Nf6 13. Rhe1 Nd5 14. Qd2 Be7 15. Ng3 Nxf4 16. Qxf4 Qa5 17. Nxe4 Bxe4 18. Qxe4 0-0 19. Bf1 Rfd8 20. Bd3 g6 21. h4 Bxh4 22. Qh1 Bxf2 23. Re5 Rd5 24. Rh5 Be3+ 25. Kb1 Rxh5 26. gxh5 Qxh5 0-1